000 01595nam0a2200325 i 4500
001 RU\NLR\BIBL_A\011102698
005 20260406043148.0
010 _a9785903462759
_9500
021 _aRU
_b2016-21577
_91364
035 _a(NILC)RuMoRGB-008251936
035 _a(NLR Aleph) 011102698
090 _a11428885
_c11428885
100 _a20160414d2015 um y0rusy50 ca
101 0 _arus
102 _aRU
105 _ay|||z|||000gy
200 1 _aСчастье бестолковое
_fСаня Грех… Саня Седой…
210 _aЧебоксары
_cНовое время
_d2015
215 _a141 с.
_d21
300 _aПеред вып. дан. авт.: Пыжьянова (Тарасова) Татьяна Всеволодовна, на 4-й с. обл. авт.: Александр Николаевич Панченко
423 0 _12001#$aО Русь священная до слез…$e[к сборнику в целом] стихи$fТатьяна Пыжьянова
_1210##$aЧебоксары$d2015
_1215##$aС. 101-185
_1700#1$aПыжьянова$bТ. В.$gТатьяна Всеволодовна$3RU\NLR\AUTH\77123632
_tО Русь священная до слез…
_aПыжьянова, Татьяна Всеволодовна
675 _a821.161.1
686 2 _aШ6(2=Р)8-5
700 1 _8rus
_7ca
_aПанченко
_bА. Н.
_cпоэт
_f1960-
_gАлександр Николаевич
_3RU\NLR\AUTH\773266
_9113272
801 0 _aRU
_bРГБ
_c20160321
_gRCR
942 _cBOOK
980 _aNBR